Formule 1 - Choix Multiples - Statistiques

Statistiques générales
  • Ce quiz a été pris 130 fois
  • Le résultat moyen est 15 sur 20
Statistiques - réponses
Question Réponse % Correct
Quels sont les deux pilotes à avoir remporté 7 titres chacun ? Michael Schumacher et Lewis Hamilton
97%
Quel pilote s'est tué le 1er mai 1994, en Italie ? Ayrton Senna
96%
Combien de voitures une écurie peut-elle aligner au maximum ? 2
93%
Comment se nommait ce pilote argentin, longtemps détenteur du plus grand nombre de titres, avec 5 titres de champion du monde ? Juan Manuel Fangio
90%
Dans quelle écurie couraient Alain Prost et Ayrton Senna, duel fratricide qui anima les années 80 et 90 ? Mac Laren
89%
Quelle est la particularité des Grands Prix de Singapour et d'Abu Dhabi ? La course se déroule de nuit
88%
Quel circuit est impressionnant, lors du passage du "Raidillon de l'Eau rouge" ? Spa-Francorchamps, en Belgique
85%
Combien de titres le Français Alain Prost a t'il remportés ? 4
83%
La veille, en séance de qualification, quel pilote est également décédé lors de ce week-end tragique ? Roland Ratzenberger
82%
En quelle année le championnat de F1 a t'il été créé ? 1950
81%
Quel film de Ron Howard raconte la rivalité entre les pilotes Niki Lauda et James Hunt, en 1976 ? Rush
79%
Quelle écurie éphémère fut créée en 2009, remporta les deux titres "constructeur" et "pilote" et disparut la même année, rachetée par Mercedes ? Brawn GP
74%
Sainte-Devote, Massenet, Mirabeau, le Portier, la Rascasse… de quel circuit parle-t-on ? Monaco
74%
En 2024 et 2025, la saison compte un nombre record de Grands Prix. Combien de courses sont-elle prévues ? 24
73%
Quelle grande marque automobile rachète la prestigieuse écurie Benetton, en 2000 ? Renault
69%
Quel pilote fut sacré champion du Monde a titre posthume, ayant suffisamment de points d'avance au championnat, au moment de sa mort ? Jochen Rindt
56%
En 1984, Niki Lauda remporte le championnat face à son coéquipier Alain Prost. Quel écart séparait les deux hommes ? 0,5 points
52%
En 1992, le sympathique britannique Nigel Mansell remporte le championnat du Monde sur sa Williams-Renault, 5 courses avant la fin, ayant dominé toute la saison. Combien remportera-t-il de titres durant toute sa carrière ? 1
48%
Quel circuit n'a, accueilli qu'une seule fois un Grand Prix de Formule 1 ? Dallas, aux Etats-Unis
41%
Alain Prost rêvait d'une écurie 100% française. Quel motoriste choisit-il quand il fonde son écurie Prost Grand Prix ? Peugeot
33%
Aucun quiz correspondant
Distribution des résultats
% des personnes avec chaque résultat
Percentile par nombre de réponses
Votre historique - résultats
Vous n’avez pas pris ce quiz